Orientaciones actuales del pensamiento jurídico /

Guardado en:
Autor Principal: Perticone, Giácomo
Formato: Libro
Idioma:Spanish
Publicado: Buenos Aires : Troquel, 1960
Series:El Mundo de Hoy
Materias:
Etiquetas: Agregar Etiqueta
Sin Etiquetas, Sea el primero en etiquetar este registro!
LEADER 00557nam a22001575a 4500
001 DER.der012155
008 180615s1960####ag#||||||||||||||#||spa||
005 20241111135643.0
245 1 0 |a Orientaciones actuales del pensamiento jurídico /  |c Giacomo Perticone 
260 |a Buenos Aires :  |b Troquel,  |c 1960 
300 |a 107 p. 
490 1 |a El Mundo de Hoy 
505 0 |a Logicismo y eticismo -- Las teorías Objetivistas -- Las teorías Subjetivistas 
100 1 |a Perticone, Giácomo 
650 7 |a Filosofía del Derecho  |2 SAIJ 
859 |a DERECHO  |b BIB. DERECHO  |h 340.1  |i PER  |p 006907